| Record ID | marc_loc_2016/BooksAll.2016.part28.utf8:1112773:1144 |
| Source | Library of Congress |
| Download Link | /show-records/marc_loc_2016/BooksAll.2016.part28.utf8:1112773:1144?format=raw |
LEADER: 01144cam a2200313 a 4500
001 99031550
003 DLC
005 20080618083944.0
008 990517s2000 njua bf 001 0 eng
010 $a 99031550
020 $a0130961027 (pbk.)
040 $aDLC$cDLC$dDLC
043 $an-us---
050 00 $aLC1099.3$b.C36 2000
082 00 $a370.117$221
100 1 $aCampbell, Duane E.
245 10 $aChoosing democracy :$ba practical guide to multicultural education /$cDuane E. Campbell ; with contributions by Delores Delgado-Campbell ... [et al.].
250 $a2nd ed.
260 $aUpper Saddle River, N.J. :$bMerrill,$cc2000.
300 $axxii, 410 p. :$bill. ;$c24 cm.
504 $aIncludes bibliographical references (p. 376-394) and indexes.
650 0 $aMulticultural education$zUnited States.
650 0 $aEducation$xSocial aspects$zUnited States.
650 0 $aCultural pluralism$zUnited States.
650 0 $aRacism$zUnited States.
651 0 $aUnited States$xRace relations.
650 0 $aSocial classes$zUnited States.
650 0 $aSex differences in education$zUnited States.
700 1 $aDelgado-Campbell, Delores.